000 00310nam a22001337a 4500
020 _a0-439-80179-6
082 _a823
_bWAS/S
100 _aWASSERMAN, ROBIN
245 _aUNFABOULOUS SPLIT ENDS
260 _aUNITED STATES
_bSCHOLASTIC INC
_c2005
300 _a107
650 _aNOVEL
_zUNITED STATES
942 _cBK
999 _c2509
_d2509